[Event "Rohde op 12th"]
[Site "Sautron"]
[Date "2012.10.30"]
[Round "5"]
[White "Ider, Borya"]
[Black "Le Roux, Jean Pierre"]
[Result "0-1"]
[WhiteElo "2394"]
[BlackElo "2563"]
[Annotator "RR"]
[PlyCount "78"]
[EventDate "2012.10.27"]
[EventType "swiss"]
[EventRounds "9"]
[EventCountry "FRA"]
[SourceTitle "EXT 2014"]
[Source "ChessBase"]
[SourceDate "2013.11.20"]
[SourceVersion "1"]
[SourceVersionDate "2013.11.20"]
[SourceQuality "1"]
[TimeControl "40/5400+30:1800+30"]
[WhiteClock "1:30:00"]
[BlackClock "1:30:00"]

1. d4 {[%emt 0:00:00]} Nf6 {[%emt 0:02:18]} 2. Nf3 {[%emt 0:00:00]} g6 {
[%emt 0:00:59]} 3. g3 {[%emt 0:00:00]} Bg7 {[%emt 0:02:00]} 4. Bg2 {[%emt 0:00:
00]} O-O {[%emt 0:02:01]} 5. O-O {[%emt 0:00:00]} d5 {[%emt 0:00:18]} (5... d6
{Retombe sur une Est-Indienne}) 6. c4 {[%emt 0:00:02]} Nc6 {[%emt 0:01:35]} (
6... c6 {La grande ligne est plus solide}) (6... dxc4 7. Na3 c3) 7. cxd5 {
[%emt 0:04:14]} Nxd5 {[%emt 0:00:13]} 8. e4 {[%emt 0:01:01]} (8. Nc3 Nb6 9. e3
Re8 {[%cal Ge7e5]}) 8... Nb6 {[%emt 0:00:06]} 9. d5 {[%emt 0:00:42]} Na5 {
[%emt 0:00:02][%csl Rc4]} 10. Nc3 {[%emt 0:00:53]} (10. Qe1 Nac4 11. Nc3 e6 12.
b3 Qf6 $132 {Kortschnoj,V (2635)-Kouatly,B (2445) Cannes 1986 (1) 1-0}) 10...
c6 {[%emt 0:01:11]} 11. dxc6 $6 {[%emt 0:23:25] Les Blancs sont déjà sortis de
la préparation car ils ont commencé а réfléchir longuement mais dc6 permet aux
Noirs d'égaliser facilement.} (11. Bg5 $142 h6 12. Bf4 cxd5 13. exd5 Nac4 14.
Qe2 $14 {[%cal Ge2c4,Ge2b2,Ga1d1,Ge2e7];Navara,D (2602)-Miroshnichenko,E (2599)
EU-ch playoff 5th rapid 2004 (2) 1/2}) (11. Bf4 $142 cxd5 12. exd5 Nac4 13. Qe2
Bg4 14. h3 Bxf3 15. Bxf3 $14 {Neverov,V (2530)-Zezulkin,J (2465) Swidnica op
rap rapid 1997 (9) 1-0}) 11... Nxc6 $11 {[%emt 0:00:42]} 12. Qe2 {[%emt 0:06:
03]} Bg4 {[%emt 0:07:55][%csl Re2,Rf3][%cal Gg4e2,Gc6d4]} 13. Be3 {[%emt 0:03:
44]} Nd4 $1 {[%emt 0:06:40]} (13... Ne5) 14. Bxd4 {[%emt 0:01:39]} Bxf3 {
[%emt 0:00:18]} 15. Bxf3 {[%emt 0:01:05]} Qxd4 {[%emt 0:00:19]} 16. Rfd1 {
[%emt 0:02:01]} Qe5 {[%emt 0:04:33]} 17. Rd3 $146 {[%emt 0:04:39] Un exemple
interessant ou la domination des Blancs de la colonne "d" ne sert pas а
grand-chose} (17. Bg2 Rac8 18. Rac1 Qa5 19. e5 Qxe5 20. Qxe5 Bxe5 21. Bxb7 Rb8
22. Ba6 e6 23. b3 Rfd8 24. Rxd8+ Rxd8 25. Rd1 Rb8 26. Rd3 Kf8 27. Kf1 Ke7 28.
f4 Bg7 29. a3 Na8 30. Ne4 Nc7 31. Bc4 Nb5 {Nambiar,V (2246)-Donaldson,J (2418)/
Lindsborg 2002/CBM 091 ext/0-1 (38)}) 17... e6 $1 {[%emt 0:04:59][%csl Gd5]}
18. Rad1 {[%emt 0:03:04] Les Blancs n'ont pas de cible alors que le GMI va en
trouver une sur la colonne "c"} Rac8 $1 {[%emt 0:01:37][%csl Rc3]} 19. Bg2 {
[%emt 0:05:10][%cal Gf2f4]} Qa5 $36 {[%emt 0:15:12][%csl Rc3][%cal Gg7c3,Gb6c4,
Gc4b2]} (19... Nc4 $5 {[%cal Gc4b2]} 20. b3 {[%csl Rc3]} Na3 21. Nb1 Rc2 $36)
20. Qc2 $6 {[%emt 0:08:44][%csl Rc2][%cal Gc8c2] Il est naturel de vouloir
défendre le N mais le vis-à-vis de la Rc8 avec la Qc2 parait trés dangereux}
Nc4 $1 {[%emt 0:08:06][%cal Gc4b2,Gg7c3]} 21. Rc1 {[%emt 0:06:08]} b5 $17 {
[%emt 0:10:07][%cal Gc8c2]} 22. a3 {[%emt 0:10:40] Les Blancs parent la menace
mais les pièces Blanches sont maintenant désorganisées.} a6 {[%emt 0:00:53]}
23. Qb3 {[%emt 0:01:22]} Rfd8 $1 {[%emt 0:06:29] La domination des Blancs de
la colonne "d" a fait long feu} 24. Rxd8+ {[%emt 0:06:54]} Rxd8 {[%emt 0:03:08]
} 25. a4 {[%emt 0:00:16]} (25. Bf1 {[%cal Gf1c4]} Nd2) 25... Nd2 {[%emt 0:05:
47]} 26. Qc2 {[%emt 0:00:52]} b4 {[%emt 0:01:07]} 27. Nd1 {[%emt 0:01:36]} b3
$1 {[%emt 0:01:34][%csl Rb2,Gg7] Fixe la faiblesse "b2" tout en gagnant une
case forte "c2"} 28. Qc6 {[%emt 0:00:08]} Bd4 $1 {[%emt 0:02:22][%csl Rf2]} 29.
Qc7 {[%emt 0:04:13]} Bb6 {[%emt 0:03:32]} 30. Qc6 {[%emt 0:01:07]} Qb4 {
[%emt 0:00:27]} 31. Ne3 {[%emt 0:01:42]} h5 {[%emt 0:01:35]} 32. Rd1 {[%emt 0:
01:23]} Rd6 {[%emt 0:02:56]} 33. Qc8+ {[%emt 0:00:49]} Kg7 {[%emt 0:00:32]} 34.
e5 {[%emt 0:02:21]} Rd8 {[%emt 0:02:56]} 35. Qxa6 $2 {[%emt 0:00:05]} (35. Qc1)
35... Bxe3 {[%emt 0:00:34]} 36. fxe3 {[%emt 0:00:05]} Qc5 $19 {[%emt 0:00:11]}
37. Kh1 {[%emt 0:01:37]} Qxe3 {[%emt 0:01:23]} 38. Qb7 {[%emt 0:00:45]} Ne4 {
[%emt 0:00:52]} 39. Rf1 {[%emt 0:00:25]} Nf2+ {[%emt 0:00:38]} 0-1

[Event "POL-chT 66th"]
[Site "Katowice"]
[Date "2010.09.04"]
[Round "1"]
[White "Urban, Klaudiusz"]
[Black "Kempinski, Robert"]
[Result "0-1"]
[WhiteElo "2468"]
[BlackElo "2615"]
[Annotator "RR"]
[PlyCount "138"]
[EventDate "2010.09.04"]
[EventType "team-tourn"]
[EventRounds "9"]
[EventCountry "POL"]
[SourceTitle "EXT 2016"]
[Source "ChessBase"]
[SourceDate "2015.10.08"]
[SourceVersion "1"]
[SourceVersionDate "2015.10.08"]
[SourceQuality "1"]
[WhiteTeam "Poznan Pocztowiec"]
[BlackTeam "Wroclaw"]
[WhiteTeamCountry "POL"]
[BlackTeamCountry "POL"]

1. d4 Nf6 2. c4 g6 3. Nf3 Bg7 4. g3 d5 5. cxd5 Nxd5 6. Bg2 Nb6 7. Nc3 Nc6 8.
O-O O-O 9. e3 (9. d5 Na5 10. Qc2 {[%cal Gf1d1]} c6 11. dxc6 Nxc6 12. Rd1 Bd7
13. Bf4 Qc8 14. Rac1 Bf5 15. e4 Bg4 16. Qb3 Qe6 (16... Bxf3 17. Bxf3 Nd4 18.
Rxd4 $1) 17. Qxe6 fxe6 {Van Wely,L (2667)-Carlsen,M (2862) Tata Steel-A 77th
2015 (4) 0-1}) 9... Re8 10. d5 Na5 11. Nd4 Bd7 12. Nb3 (12. e4 {La grande ligne
} c6 (12... Rc8) 13. Re1 (13. Bf4) 13... cxd5 14. exd5 Rc8 15. Bf4 Nac4 16. b3
$14 {Grischuk,A (2752)-Nepomniachtchi,I (2730) RUS-ch rapid GP 2011 (3.1) 1-0})
12... Nbc4 (12... Nxb3 13. Qxb3 (13. axb3 {[%csl Ra7]} c6 14. e4 cxd5 15. exd5
Nc8 $1 16. Be3 Nd6 17. Bd4 Bxd4 18. Qxd4 Qb6 $132 {Jukic,M (2485)-Kozul,Z 
(2575) CRO-Cup Pula 1994 (3) 1/2})) 13. Nc5 Rc8 14. Rb1 $146 (14. Qe2 b5 (14...
c6 {[%cal Gc8c5]}) 15. a4 b4 16. Nb5 c6 17. Nxa7 Qb6 18. dxc6 Bxc6 19. Nxc6
Qxc5 20. Nd4 e5 21. Nb5 Nb3 22. Rb1 Nca5 23. h4 Red8 24. Kh2 h5 25. g4 hxg4 26.
Qxg4 Qc2 27. Be4 Qc4 28. Rg1 Nc5 29. Nd6 Rxd6 30. Qxc8+ Kh7 31. Rg4 Qe2 32.
Qxc5 Qxg4 33. Qxd6 Qxh4+ 34. Kg1 Qxe4 35. Bd2 Qxb1+ {0-1 (35) Loeffler,S (2385)
-Ftacnik,L (2585) Hamburg 1999}) (14. e4 c6 {[%cal Gc8c5]} 15. Nxd7 Qxd7 16.
dxc6 Qxd1 17. Rxd1 Nxc6 $11) 14... c6 15. Nxd7 Qxd7 16. e4 Red8 17. b3 Nb6 18.
Bd2 $1 {[%cal Gd2c3,Gd2a5]} cxd5 19. Nxd5 Nc6 20. Bg5 Nxd5 21. exd5 Qf5 22. Qd2
Nd4 23. Rbc1 Bf6 24. Be3 Rxc1 (24... Nf3+ $5 25. Bxf3 Qxf3 {[%cal Gh7h5,Gh5h4]}
) 25. Rxc1 Nf3+ 26. Bxf3 Qxf3 27. Bxa7 Rxd5 (27... h5 28. h4 Rxd5 29. Qh6 {
[%cal Gc1c8]} Qg4 $36 {[%cal Gf6h4]}) 28. Qe3 Qf5 29. Qe2 h5 30. h4 Rd3 {
[%csl Rg3]} 31. Be3 Qd5 32. Qf1 Bc3 33. Qg2 Qe6 34. Kh2 b5 35. Qf3 Qd7 (35...
b4 {[%csl Ra2]}) 36. Qa8+ Kh7 37. Qf3 e5 38. Rf1 f5 $15 {Les Noirs ont des
pièces plus actives et un léger avantage d'espace} 39. Qa8 Qf7 40. Qa7 Rd7 (
40... Qxa7 $5 41. Bxa7 b4 {[%csl Ra2] Avec une bonne finale pour les Noirs})
41. Qc5 b4 {[%csl Ra2]} 42. Qc4 $6 {Le P "c" sera une faiblesse en finale
assez difficile à défendre} Qxc4 43. bxc4 {[%csl Rc4]} Kg7 (43... Rc7 44. c5)
44. Rc1 {[%cal Ga2a3]} Kf7 45. Rc2 (45. a3 $2 Bb2) 45... Rd1 46. Kg2 Ke6 47.
Kf3 Kd6 48. Ke2 Re1+ 49. Kf3 Kc6 $17 {[%csl Gc6,Rf3]} (49... Bd4 {[%cal Gd6c5]}
) 50. Ba7 {Les Blancs sont quasiment en zugzwang} Re4 51. a3 Rxc4 52. axb4 Kb5
53. Bc5 Bxb4 54. Rxc4 Kxc4 55. Bb6 Kd3 56. Kg2 Ke2 57. Be3 Be1 58. Bc5 f4 59.
gxf4 exf4 60. Bb6 f3+ 61. Kg3 Bc3 62. Be3 Be5+ 63. Kh3 Kd3 64. Bc5 Bd4 65. Bxd4
Kxd4 66. Kg3 Ke4 67. Kh2 Kd3 68. Kh3 Kd2 69. Kh2 Ke1 0-1

[Event "URS-chT Cup 11th 1st league"]
[Site "Jurmala"]
[Date "1980.05.??"]
[Round "1.2"]
[White "Lapienis, Donatas P"]
[Black "Bagirov, Vladimir"]
[Result "0-1"]
[WhiteElo "2340"]
[BlackElo "2560"]
[Annotator "RR"]
[PlyCount "82"]
[EventDate "1980.05.23"]
[EventType "team-tourn"]
[EventRounds "6"]
[EventCountry "LAT"]
[SourceTitle "EXT 2020"]
[Source "ChessBase"]
[SourceDate "2019.10.17"]
[SourceVersion "1"]
[SourceVersionDate "2019.10.17"]
[SourceQuality "1"]
[WhiteTeam "Zhalgiris"]
[BlackTeam "Daugava"]
[WhiteTeamCountry "URS"]
[BlackTeamCountry "URS"]

1. d4 Nf6 2. c4 g6 3. g3 Bg7 4. Bg2 d5 5. cxd5 Nxd5 6. Nf3 O-O 7. O-O Nb6 8.
Nc3 Nc6 9. e3 e5 10. d5 Ne7 11. e4 Bg4 12. h3 (12. a4 {[%cal Ga4a5]}) 12...
Bxf3 13. Qxf3 c6 14. Rd1 cxd5 15. Nxd5 Nexd5 (15... Nbxd5) 16. exd5 Qd6 17. Qb3
Rfd8 ({RR} 17... Rfc8 18. Bd2 Bf8 19. Rac1 Rxc1 20. Rxc1 Qd7 21. Be3 Bd6 22. a3
Rc8 23. Rc3 Rxc3 24. Qxc3 Qb5 25. Bh6 f6 26. h4 Kf7 27. Be3 Nxd5 28. Bxd5+ Qxd5
29. Bxa7 f5 30. Qc8 Bf8 31. Qc7+ Kg8 32. b4 {Tukmakov,V (2480)-Mikhalchishin,A
(2535)/Nikolaev 1981/EXT 2002/1-0 (41)}) 18. Bd2 Rd7 19. Rac1 Rad8 20. Bb4 Qf6
21. d6 (21. a4 e4 22. a5 Nxd5) (21. Ba5) 21... Bf8 22. Ba5 Bxd6 23. Bxb6 axb6
24. Qxb6 Be7 $17 25. Qb3 Bc5 26. Rf1 b6 27. Rc3 Rd2 28. Rf3 Qe7 29. Rc3 Bd4 30.
Rc2 Rd3 31. Qc4 Rxg3 32. Kh1 Rg5 33. Re2 Rf5 34. b4 Rf4 35. a4 Qf6 36. Qc2 g5
37. a5 bxa5 38. bxa5 g4 39. hxg4 Rxg4 40. Re4 Qh6+ 41. Kg1 Rg6 0-1

[Event "Gibraltar Masters 9th"]
[Site "Caleta"]
[Date "2011.01.28"]
[Round "4"]
[White "Harikrishna, Pentala"]
[Black "Kulaots, Kaido"]
[Result "1/2-1/2"]
[WhiteElo "2667"]
[BlackElo "2577"]
[Annotator "Reeh,O"]
[PlyCount "89"]
[EventDate "2011.01.25"]
[EventType "swiss"]
[EventRounds "10"]
[EventCountry "GGB"]
[SourceTitle "CBM 141"]
[Source "ChessBase"]
[SourceDate "2011.03.17"]
[SourceVersion "1"]
[SourceVersionDate "2011.03.17"]
[SourceQuality "1"]

1. d4 Nf6 2. c4 g6 3. g3 Bg7 4. Bg2 d5 5. cxd5 Nxd5 6. Nf3 Nb6 7. Nc3 Nc6 8.
O-O O-O 9. d5 Na5 10. Bf4 Bxc3 11. bxc3 Qxd5 12. Bxc7 Qc5 13. Bf4 Nc6 14. a4
Rd8 15. Qb3 Be6 16. Qb2 Bd5 17. Rfd1 Be4 18. Rdc1 Na5 19. Be3 Qd5 20. Qb4 Nbc4
21. Qxe7 Nxe3 22. fxe3 Rd7 23. Qb4 Nc4 24. Rd1 Qxd1+ 25. Rxd1 Rxd1+ 26. Kf2 Rc8
27. Qe7 Bxf3 ({With Mit} 27... Bc6 $5 {Black could have chased away the white
queen from her dominant position: hätte Schwarz die weiße Dame aus ihrer
dominanten Stellung vertreiben können:} 28. Ng5 (28. Nd4 Re8) 28... Rd7) 28.
Bxf3 Nd6 29. Kg2 Rxc3 30. e4 $1 Rc8 31. e5 Nf5 32. Qxb7 Re8 33. Qxa7 Kg7 34. a5
Rxe5 35. Qc7 $2 {Intending to chase away the well-placed Re5 before pushing
the a-pawn, but allowing a remarkable save. Will vor dem Vorstoßen des
a-Bauern den gut platzierten Re5 vertreiben, lässt aber eine sehenswerte
Rettung zu.} ({Only Allein} 35. a6 $1 {would have preserved the a-pawn and
thus winning chances. hätte den a-Bauern und damit Gewinnchancen bewahrt.})
35... Ne3+ $1 36. Kh3 {There he is again, the king on the edge, a recurring
theme in the tactics section of CBM 141. Da ist er wieder, der Randkönig, ein
Dauerthema in der Taktikrubrik vom CBM 141.} (36. Kf2 Rf1#) {[%tqu "En",
"Black's Re5 is attacked, and White's a-pawn is ready to advance. What do you
suggest?","Find a way to exploit the position of the white king on the edge.",
"","d1d5","Perfect cooperation of Black's pieces - the mate threat on h5
conquers White's pride, the passed a-pawn.",10,"De","Der schwarze Re5 ist
angegriffen, und der weiße a-Bauer steht zum Vorrücken bereit. Was schlagen
Sie vor?","Finden Sie einen Weg, die Randstellung des weißen Königs
auszunutzen.","","d1d5","Perfekte Zusammenarbeit der schwarzen Figuren - die
Mattdrohung auf h5 erobert den Stolz von Weiß, den freien a-Bauern.",10]} 36...
Rdd5 $1 {Perfect cooperation of Black's pieces - the mate threat on h5
conquers White's pride, the passed a-pawn.  Perfekte Zusammenarbeit der
schwarzen Figuren - die Mattdrohung auf h5 erobert den Stolz von Weiß, den
freien a-Bauern.} 37. g4 (37. Bxd5 {is ruled out by verbietet sich wegen} Rh5#)
({while after während nach} 37. a6 {the checkmate is preceded by a rook
sacrifice: dem Matt ein Turmopfer vorangeht:} Rh5+ 38. Bxh5 Rxh5#) 37... Rxa5 {
...and after the liquidation of White's passed pawn there is peace on the
board.  ...und nach der Liquidierung des weißen Freibauern herrscht Friede auf
dem Brett.} 38. Kg3 Rac5 39. Qd6 g5 40. Kf2 Ra5 41. Qd4 Kf6 42. Qd8+ Kg7 43.
Qd4 Kf6 44. Qd8+ Kg7 45. Qd4 1/2-1/2

[Event "Olympiad-30"]
[Site "Manila"]
[Date "1992.06.21"]
[Round "12.4"]
[White "Davidovic, Aleksandar"]
[Black "Fernandez Garcia, Jose Luis"]
[Result "1-0"]
[WhiteElo "2410"]
[BlackElo "2465"]
[Annotator "Rogers,I"]
[PlyCount "67"]
[EventDate "1992.06.08"]
[EventType "team-swiss"]
[EventRounds "14"]
[EventCountry "PHI"]
[SourceTitle "TD"]
[Source "ChessBase"]
[SourceDate "1994.03.01"]
[SourceVersion "1"]
[SourceVersionDate "1994.03.01"]
[SourceQuality "1"]
[WhiteTeam "Australia"]
[BlackTeam "Spain"]
[WhiteTeamCountry "AUS"]
[BlackTeamCountry "ESP"]

1. Nf3 Nf6 2. c4 g6 3. g3 Bg7 4. Bg2 d5 5. cxd5 Nxd5 6. O-O Nb6 7. Nc3 O-O 8.
d4 Nc6 9. d5 Na5 10. e4 c6 {Black has lured White's pawns forward in order to
undermine them with this move. However Davidovic is ready with a well prepared
pawn sacrifice.} 11. Bf4 $1 cxd5 12. exd5 Bxc3 $5 ({Three rounds earlier at
the Olympiad the Turkmenistani master Simonenko had tried} 12... Nac4 {against
Davidovic but after} 13. Qe2 Bg4 14. h3 Bxf3 15. Bxf3 Rc8 16. Rac1 Qd7 17. Bg4
f5 18. Bf3 Nxb2 $5 19. Qxb2 Bxc3 20. Rxc3 $1 Na4 21. Rxc8 $1 Nxb2 22. Rc7 Qd8 {
White could have crowned his queen sacrifice by playing} 23. d6 $3 {with a
decisive attack. The game was ultimately drawn. (1/2-1/2 (67) Davidovic,A 
(2410)-Simonenko,S Manila 1992 TD)}) 13. bxc3 Nxd5 14. Bh6 Re8 15. Qd4 $1 Nf6
16. Qh4 Nc6 17. Rfe1 Bg4 18. Nd4 $1 Rc8 19. Bg5 {The pressure against Black's
position is becoming unbearable so he tries for relief by returning his extra
pawn.} Nxd4 20. cxd4 Qd7 21. Bxf6 exf6 22. Qxf6 Re6 $6 23. Qf4 Bh3 $2 24. Bxh3
$1 Rxe1+ 25. Rxe1 Qxh3 26. Re7 {Black had believed this move to be impossible,
forgetting that White's queen prevented 26...Rc1+. Now, forced into complete
passivity, Black can do nothing to prevent the advance of White's passed d
pawn.} Rf8 27. d5 Qc8 28. h4 b5 29. d6 Qc5 30. Qf6 a5 31. d7 Qd5 32. Qe5 $1
Qd1+ 33. Kg2 Qd3 34. Qc5 $1 {The threat of 35.Re8 is unstoppable. A crushing
defeat for the Spaniard.} 1-0

[Event "Hoogovens"]
[Site "Wijk aan Zee"]
[Date "1991.01.??"]
[Round "2"]
[White "Hansen, Curt"]
[Black "Khalifman, Alexander"]
[Result "1-0"]
[WhiteElo "2565"]
[BlackElo "2640"]
[Annotator "Salov,V"]
[PlyCount "91"]
[EventDate "1991.01.??"]
[EventType "tourn"]
[EventRounds "13"]
[EventCountry "NED"]
[EventCategory "14"]
[SourceTitle "CBM 022"]
[Source "ChessBase"]
[SourceDate "1991.06.01"]
[SourceVersion "1"]
[SourceVersionDate "1991.06.01"]
[SourceQuality "1"]

1. c4 {Ftacnik} Nf6 2. Nc3 g6 3. g3 Bg7 4. Bg2 O-O 5. Nf3 d5 6. cxd5 Nxd5 7.
O-O Nc6 8. d4 Nb6 9. e3 Re8 10. d5 Na5 11. Nd4 Bd7 12. e4 c6 (12... c5 13. dxc6
$6 (13. Nb3 $142 $14) 13... Nxc6 14. Nxc6 Bxc6 15. Qb3 Qd3 $10 {
Hjartarson-Kasparov,Barcelona 1989}) 13. b3 cxd5 14. exd5 e6 15. dxe6 Bxe6 16.
Be3 Bd5 (16... Nd5 17. Nxe6 Nxe3 18. Qxd8 Rexd8 19. Nxd8 Nxf1 20. Rd1 $1 $14 {
Pigusov-Ermolinskij,USSR 1987}) 17. Rc1 Bxg2 18. Kxg2 Nd5 19. Nxd5 Qxd5+ 20.
Nf3 (20. Qf3 Rad8 $10) 20... Qb5 (20... Qxd1 21. Rfxd1 Re7 22. b4 Nc6 23. b5
Ne5 24. a4 $16 {Cvitan-Huzman,Moskva(GMA)1989}) (20... Qe4 21. Qd7 $1 Re7 22.
Rc8+ Rxc8 23. Qxc8+ Re8 24. Qd7 Nc6 25. Rd1 $16 {Cvitan-Timoshchenko,Pula1989})
21. Rc5 Qa6 22. Rc7 $1 {TN} (22. Rd5 Nc6 23. Qd2 Rad8 24. Bg5 {led to the draw
in Stempin-Nowak,Polska(ch)1990}) 22... Rad8 (22... Nc6 $2 23. Qd7 Re7 24. Qc8+
$3 (24. Rc8+ Bf8 $13) 24... Bf8 25. Qxa8 Rxc7 26. Bh6 Qa3 27. Re1 $18) 23. Qc2
Nc6 24. Rd1 Rxd1 (24... Nb4 25. Qe4 $1) (24... Qb5 $5 {Ftacnik}) 25. Qxd1 Rd8
26. Qf1 b5 (26... Qxa2 27. Qc4 Rf8 28. Bc5 $18) (26... Qxf1+ 27. Kxf1 Rb8 28.
Bf4 Nd8 29. Re7 $18) 27. a4 Nd4 28. Bxd4 Bxd4 29. Nxd4 (29. axb5 {Ftacnik} Qd6
30. Rc6 Qd5) 29... Rxd4 30. Qe2 Rd8 (30... Qd6 $5) (30... Qd6 {Ftacnik} 31.
Qe8+ Qf8 32. Qxb5 $18) 31. axb5 Qd6 (31... Qb6 32. Qc4 Rf8 33. b4 $18) 32. Rxa7
Qd5+ 33. Qf3 Qxf3+ 34. Kxf3 Rd3+ 35. Ke4 Rxb3 36. Rb7 $2 (36. Ra5 $1 $18) 36...
Rb2 37. b6 Kg7 (37... Rxf2 {Ftacnik} 38. Rc7 Rb2 39. b7 Kg7 40. Kd5 $18) 38.
Kd5 Rxf2 $2 {with 38...g5! black could put up much more stubborn defense} 39.
Rc7 Rxh2 40. Rc5 $1 $18 Rd2+ 41. Kc6 f5 42. b7 Rd8 43. Kc7 Rf8 44. b8=Q Rxb8
45. Kxb8 Kf6 46. Kc7 1-0

[Event "Skei"]
[Site "Skei"]
[Date "1994.??.??"]
[Round "7"]
[White "Berg, Klaus"]
[Black "Tisdall, Jonathan D"]
[Result "0-1"]
[WhiteElo "2440"]
[BlackElo "2465"]
[Annotator "Tisdall,J"]
[PlyCount "78"]
[EventDate "1994.??.??"]
[EventType "tourn"]
[EventRounds "9"]
[EventCountry "NOR"]
[EventCategory "7"]
[SourceTitle "CBM 042 Extra"]
[Source "ChessBase"]
[SourceDate "1994.11.01"]
[SourceVersion "1"]
[SourceVersionDate "1994.11.01"]
[SourceQuality "1"]

{CBM 43} 1. g3 Nf6 2. Bg2 d5 3. Nf3 g6 4. O-O Bg7 5. c4 O-O 6. cxd5 Nxd5 7. Nc3
Nc6 8. d4 Nb6 9. e3 e5 10. d5 Na5 11. e4 c6 12. Bg5 f6 (12... Bf6 $5) 13. Be3
cxd5 14. Bxb6 $1 {A strong move that gives white lasting pressure.} Qxb6 15.
Nxd5 Qd8 (15... Qxb2 $2 16. Nc7 Rb8 17. Qd5+ {and the Na5 falls.}) 16. Rc1 Nc6
17. b4 $1 Bg4 (17... Rf7 18. b5 Na5 19. Nc7 $1 Qxd1 20. Rfxd1 Rb8 21. Rd8+ Rf8
22. Ne8 $1 {and the Bc8 falls.}) (17... a6 $5) 18. Qb3 Kh8 19. b5 Bxf3 $2 (
19... Na5 $5 20. Qa4 Rf7) 20. bxc6 bxc6 21. Rxc6 {The powerful Nd5 gives white
a firm grip on the position.} Be2 $1 {To weaken the f2 square.} 22. Re1 Bh5 23.
Rc7 f5 24. Qb7 Rb8 25. Qxa7 Ra8 26. Qb7 Rb8 27. Qc6 fxe4 28. Bxe4 Rb2 29. Rc1
$2 {A terrible error that gives black a strong attack. After 29.f3 or 29.f4
white should win.} Rbxf2 30. Qb7 Qg5 $1 {Now the loose Rc1 prevents white from
playing Rg7.} 31. Qa7 $1 Re2 $1 {To prevent the consolidating 32.Se3.} 32. Bd3
Rxh2 $6 {A trick in mutual time trouble. Best was} (32... Rb2 $1 {when black
is better.}) 33. Kxh2 Qd2+ 34. Kh3 $2 (34. Kg1 $142 {was good, when black can
try 34...Qd3 or 34...e4!?.}) 34... Bg4+ $1 35. Kxg4 Qh2 $1 {The threat of ...
Qh5 matt is decisive.} 36. Nf6 (36. Nf4 Rxf4+ $1 37. gxf4 Qg2+ 38. Kh4 Bf6#)
36... h5+ 37. Kf3 Rxf6+ 38. Ke4 Qg2+ 39. Kxe5 Rf5+ $1 (39... Rf5+ 40. Kd6 Qd5+
41. Ke7 Re5#) 0-1